=LDR 00000nam 2200000 4500 =001 INLIS000000000044449 =005 20131008105902 =008 ***********************************Ind** =035 ##$$0010-101300000002371 =041 ##$$a Ind =082 ##$$a 650.076 =090 ##$$a 650.076 , Nit p =100 ##$$a Nitisemito, Alek S =245 ##$$a Praktek Bisnis =260 ##$$a 1994 $b Jakarta =300 ##$$a 179 hlm , ilus , 22 cm =850 ##$$a NBPNMAT